• 首页
  • 本馆介绍
  • 公告通知
  • 最新文献
  • 馆藏检索
  • 电子资源
  • 读者导购
  • 参考咨询
  • 我的图书馆
  • 登录
  • 详细信息显示
  • 放入我的书架
  • 预约/预借图书
  • 作者相关作品
  • 分类相关作品
  • 丛书相关作品
  • 出版社相关作品

书目信息

  • 表格格式
  • 工作单格式
  • 卡片格式
题名:
苏东坡
    
 
作者: 江晓英 著
分册:  
出版信息: 天津   天津人民出版社  2019
页数: 294页
开本: 21cm
丛书名:
单 册:
中图分类: I253.4
科图分类:
主题词: 传记文学--chuan ji wen xue--中国--当代
电子资源:
ISBN: 978-7-201-14642-3
000 01137nam0 2200265 450
001 2160546843
005 20210928130734.0
010    @a978-7-201-14642-3@dCNY48.00
100    @a20190724d2019 em y0chiy50 ea
101 0  @achi
102    @aCN@b120000
105    @ay z 000zd
106    @ar
200 1  @a苏东坡@Asu dong po@e最是人间真情味@f江晓英著
210    @a天津@c天津人民出版社@d2019
215    @a294页@d21cm
314    @a版权页题:江晓英著
330    @a本书通过传记的形式,分别对苏轼的出身背景、成长学习、功名考取、为官之道、人生蹉跎、爱情婚姻、朋友知己、修禅问道及艺术人生等进行了深入探究,深度剖解苏东坡这位伟大的散文家、诗人、词人、书法家、画家、发明家、政治家在文学水平、艺术造诣、人格魅力和精神信仰等方面的成就和贡献,展现其正直、赤诚、豪情、逸趣、旷达的生命姿态和人生信条——我似乐天君记取,千古风流人物,东坡也。
517 1  @a最是人间真情味@Azui shi ren jian zhen qing wei
600  0 @a苏轼@Asu shi@f(1036-1101)@x传记
606 0  @a传记文学@Achuan ji wen xue@y中国@z当代
690    @aI253.4@v5
701  0 @a江晓英@Ajiang xiao ying@4著
801  0 @aCN@b百万庄@c20210927
905    @b1301471-74@dI253.4@e1194@f4
    
    苏东坡:最是人间真情味/江晓英著.-天津:天津人民出版社,2019
    294页;21cm
    
    
    ISBN 978-7-201-14642-3:CNY48.00
    本书通过传记的形式,分别对苏轼的出身背景、成长学习、功名考取、为官之道、人生蹉跎、爱情婚姻、朋友知己、修禅问道及艺术人生等进行了深入探究,深度剖解苏东坡这位伟大的散文家、诗人、词人、书法家、画家、发明家、政治家在文学水平、艺术造诣、人格魅力和精神信仰等方面的成就和贡献,展现其正直、赤诚、豪情、逸趣、旷达的生命姿态和人生信条——我似乐天君记取,千古风流人物,东坡也。
●
相关链接 在E读中查询图书 在五车中查询图书 在当当中查询图书 在豆瓣中查询图书


正题名:苏东坡     索取号:I253.4/1194         预约/预借

序号 登录号 条形码 馆藏地/架位号 状态 备注
1 1301471   213014717   第一样本阅览室/ [索取号:I253.4/1194] 在馆    
2 1301472   213014726   第二借阅区/ [索取号:I253.4/1194] 在馆    
3 1301473   213014735   第二借阅区/ [索取号:I253.4/1194] 在馆    
4 1301474   213014744   第二借阅区/ [索取号:I253.4/1194] 在馆    
唐山师范学院图书馆 欢迎您!
大连网信软件有限公司© 版权所有